000 00254nam a2200097Ia 4500
001 784575
005 20250826170244.0
008 250824s9999 xx 000 0 und d
245 0 _aANTARKTİKA MACERASI SUZİKO
_cSARA GÜRBÜZ ÖZEREN
260 _bGENÇ DAMLA
999 _c784575
_d784575